[Event "Championnat de la Loire - Top20"]
[Site "Loire"]
[Date "2009.12.19"]
[Round "3.10"]
[White "Guevorkian, Spartak"]
[Black "Minchilli, Franco"]
[Result "1-0"]
[WhiteElo "1930"]
[BlackElo "1670"]
[PlyCount "139"]
[EventDate "2009.??.??"]

1. d4 Nf6 2. Nf3 d5 3. Bf4 c6 4. c3 Bf5 5. e3 e6 6. Bd3 Bd6 7. Bxd6 Qxd6 8.
Bxf5 exf5 9. Nbd2 Nbd7 10. Qc2 g6 11. a3 Nb6 12. c4 dxc4 13. Nxc4 Nxc4 14. Qxc4
Qd5 15. Rc1 O-O 16. O-O Qe6 17. b4 Rac8 18. Ne5 Nd5 19. Rc2 f6 20. Nd3 Qf7 21.
Rfc1 Rc7 22. g3 Ne7 23. Nf4 Qxc4 24. Rxc4 Re8 25. d5 Rd7 26. dxc6 Nxc6 27. Ne2
Ne5 28. Rc8 Rxc8 29. Rxc8+ Kg7 30. Nd4 Re7 31. Kf1 a6 32. Ke2 Nf7 33. h4 h5 34.
Kd2 Nd6 35. Rc2 g5 36. Kd3 Rd7 37. Rc5 Kg6 38. Ke2 Ne4 39. Rc8 Nd6 40. Rc5 Ne4
41. Rc2 Re7 42. a4 Nd6 43. b5 axb5 44. axb5 f4 45. b6 fxe3 46. fxe3 Nf5 47.
Nxf5 Kxf5 48. Rc7 Ke6 49. Rc5 Rg7 50. Kf3 Kd6 51. Rf5 Ke6 52. e4 Rg6 53. Rd5
Rg8 54. Ke3 Rg7 55. Kd4 Rg8 56. Kc4 gxh4 57. gxh4 Rg4 58. Rxh5 Rxe4+ 59. Kc5
Re5+ 60. Rxe5+ Kxe5 61. h5 f5 62. h6 Kf6 63. Kd5 Kg6 64. Ke5 f4 65. Kxf4 Kxh6
66. Ke5 Kg6 67. Kd6 Kf7 68. Kc7 Ke7 69. Kxb7 Kd7 70. Ka7 1-0

[Event "Championnat de la Loire - Top20"]
[Site "Loire"]
[Date "2009.13.12"]
[Round "3.11"]
[White "Bruel, Bruno"]
[Black "Vier, Serge"]
[Result "1/2-1/2"]
[WhiteElo "1800"]
[BlackElo "1660"]
[PlyCount "73"]
[EventDate "2009.??.??"]

1. d4 d5 2. c4 e6 3. Nc3 Nf6 4. Bg5 Nbd7 5. Nf3 c6 6. e3 Qa5 7. Qb3 Ne4 8. Bf4
Bb4 9. Rc1 Nb6 10. Bc7 Kd7 11. Bxb6 axb6 12. Bd3 Nxc3 13. bxc3 Bd6 14. O-O Ke7
15. Bb1 Bd7 16. Rfe1 Ba3 17. Rcd1 Rhe8 18. cxd5 cxd5 19. c4 Bb4 20. Re2 Ba4 21.
Qd3 Bxd1 22. Qxd1 dxc4 23. Qc2 g6 24. Qe4 Qd5 25. Qh4+ Kf8 26. Qxh7 Qh5 27.
Qxh5 gxh5 28. Ne5 Rec8 29. Nd7+ Ke7 30. Nxb6 c3 31. Nxc8+ Rxc8 32. Bc2 Ba3 33.
f3 Rd8 34. Kf2 h4 35. g4 hxg3+ 36. hxg3 Rh8 37. Kg2 1/2-1/2

[Event "Championnat de la Loire - Top20"]
[Site "Loire"]
[Date "2010.01.16"]
[Round "4.1"]
[White "Moleins, Adrien"]
[Black "Garon, Pierre"]
[Result "1-0"]
[WhiteElo "1701"]
[BlackElo "1926"]
[PlyCount "61"]
[EventDate "2010.??.??"]

1. e4 Nf6 2. e5 Nd5 3. d4 d6 4. c4 Nb6 5. f4 dxe5 6. fxe5 Bf5 7. Nc3 e6 8. Be3
Bb4 9. Nf3 O-O 10. Bd3 Bg4 11. O-O c5 12. Qc2 h6 13. Ne4 Nc6 14. Bxh6 Bxf3 15.
Nf6+ gxf6 16. gxf3 Kh8 17. Bg7+ Kg8 18. Bxf6 Qxd4+ 19. Kh1 Rfd8 20. Rg1+ Kf8
21. Bh7 Ne7 22. Qg2 Ke8 23. Bxe7 Kxe7 24. Qg5+ Ke8 25. Qf6 Nd7 26. Rg8+ Nf8 27.
Be4 Qxb2 28. Rag1 Rab8 29. Qxf7+ Kxf7 30. R1g7+ Ke8 31. Bg6# 1-0

[Event "Championnat de la Loire - Top20"]
[Site "Loire"]
[Date "2010.01.16"]
[Round "4.2"]
[White "Pareux, Marc"]
[Black "Artinyan, Remy"]
[Result "0-1"]
[WhiteElo "1590"]
[BlackElo "2136"]
[PlyCount "52"]
[EventDate "2010.??.??"]

1. d4 f5 2. e4 fxe4 3. Nc3 Nf6 4. f3 exf3 5. Nxf3 e6 6. Bg5 Be7 7. Ne5 O-O 8.
Bd3 Qe8 9. h4 d6 10. Nf3 e5 11. dxe5 dxe5 12. Bc4+ Kh8 13. Nd5 Nxd5 14. Qxd5 c6
15. Qd2 Bg4 16. O-O-O Bxf3 17. gxf3 b5 18. Bb3 a5 19. a3 b4 20. Bxe7 Qxe7 21.
a4 Na6 22. Qd7 Qf6 23. Rd6 Qf4+ 24. Kb1 Nc5 25. Qxg7+ Kxg7 26. Rg1+ Kh8 0-1

[Event "Championnat de la Loire - Top20"]
[Site "Loire"]
[Date "2010.01.16"]
[Round "4.3"]
[White "Cizeron, Frederic"]
[Black "Massard, Christian"]
[Result "1-0"]
[WhiteElo "2109"]
[BlackElo "1850"]
[PlyCount "49"]
[EventDate "2010.??.??"]

1. d4 Nf6 2. Nf3 g6 3. g3 d6 4. Bg2 Bg7 5. O-O O-O 6. c4 c6 7. Nc3 Bg4 8. e4
Qc8 9. Re1 Bh3 10. Bh1 Rd8 11. Qe2 Bg4 12. e5 dxe5 13. dxe5 Nfd7 14. Bf4 Na6
15. Rad1 Nac5 16. h3 Bxh3 17. Ng5 Bf5 18. g4 Ne6 19. gxf5 Nxf4 20. Qf3 Nh5 21.
e6 fxe6 22. fxg6 hxg6 23. Qf7+ Kh8 24. Qxg6 Ndf6 25. Nf7+ 1-0

[Event "Championnat de la Loire - Top20"]
[Site "Loire"]
[Date "2010.01.16"]
[Round "4.4"]
[White "Cursoux, Gerard"]
[Black "Aumont-Mathieu, Georges"]
[Result "1-0"]
[WhiteElo "1990"]
[BlackElo "1840"]
[PlyCount "111"]
[EventDate "2010.??.??"]

1. Nf3 f5 2. e4 fxe4 3. Ng5 d5 4. d3 Qd6 5. dxe4 h6 6. Nh3 dxe4 7. Qxd6 exd6 8.
Nc3 Nf6 9. Nf4 Bf5 10. Nb5 Kd7 11. Nd4 g6 12. Nxf5 gxf5 13. Ng6 Rg8 14. Nxf8+
Rxf8 15. Bxh6 Rf7 16. Be2 Nc6 17. O-O-O Rg8 18. g3 Ne7 19. h4 d5 20. Be3 b6 21.
c4 c6 22. Kb1 Rff8 23. h5 Ke6 24. Bf4 Ng4 25. Bxg4 fxg4 26. b3 Nf5 27. cxd5+
cxd5 28. Rc1 Rc8 29. h6 d4 30. Kb2 Rh8 31. Rce1 Kd5 32. Rh5 Rcf8 33. Rc1 Rh7
34. b4 Rf6 35. b5 e3 36. fxe3 Ke4 37. exd4 Kxd4 38. Rc6 Rff7 39. Rg6 Kd3 40.
Rxg4 Nd4 41. Rg6 Re7 42. Rh2 Nxb5 43. Rd2+ Ke4 44. Re2+ Kd3 45. Rge6 Rxe6 46.
Rxe6 Nd4 47. Re3+ Kc4 48. g4 Kd5 49. Re5+ Kc4 50. g5 Nf3 51. Re6 Rd7 52. g6 Rd1
53. g7 Rg1 54. h7 Rg2+ 55. Ka3 Nd4 56. Re4 1-0

[Event "Championnat de la Loire - Top20"]
[Site "Loire"]
[Date "2010.01.16"]
[Round "4.5"]
[White "Poncet, Alain"]
[Black "Muller, Anthony"]
[Result "0-1"]
[WhiteElo "1853"]
[BlackElo "1930"]
[PlyCount "68"]
[EventDate "2010.??.??"]

1. d4 e6 2. c4 Nf6 3. Nc3 Bb4 4. Bd2 b6 5. f3 Nh5 6. e4 Bxc3 7. bxc3 Qh4+ 8. g3
Nxg3 9. hxg3 Qxh1 10. Kf2 Qh5 11. Nh3 f6 12. Bg2 e5 13. Qe2 d6 14. Rh1 Qf7 15.
f4 Ba6 16. d5 Nd7 17. Bf3 O-O-O 18. a4 Kb8 19. Be3 h6 20. Qa2 Nc5 21. a5 Bc8
22. f5 Ka8 23. Rb1 Kb8 24. Ke2 g6 25. axb6 cxb6 26. fxg6 Qxg6 27. Nf2 Qxg3 28.
Bh1 Rdf8 29. Qa5 f5 30. exf5 Rh7 31. Bxc5 dxc5 32. d6 Bb7 33. Qb5 Bxh1 34. Rxh1
Rxf5 0-1

[Event "Championnat de la Loire - Top20"]
[Site "Loire"]
[Date "2010.01.16"]
[Round "4.6"]
[White "Deville, Olivier"]
[Black "Morice, Ludovic"]
[Result "0-1"]
[WhiteElo "1990"]
[BlackElo "2059"]
[PlyCount "52"]
[EventDate "2010.??.??"]

1. Nf3 Nf6 2. c4 g6 3. Nc3 Bg7 4. e4 O-O 5. d4 d6 6. Be2 Nbd7 7. O-O e5 8. Be3
Re8 9. d5 Nh5 10. Ne1 Nf4 11. Nd3 Nxe2+ 12. Qxe2 f5 13. f3 f4 14. Bf2 g5 15. c5
Nf6 16. Rac1 g4 17. cxd6 cxd6 18. Nb5 gxf3 19. gxf3 Bh3 20. Rfe1 Kh8 21. Kh1
Rg8 22. Rg1 Nh5 23. Be1 Qb6 24. Nf2 Bd7 25. Nc3 Bh6 26. Nd3 Rxg1# 0-1

[Event "Championnat de la Loire - Top20"]
[Site "Loire"]
[Date "2010.01.23"]
[Round "4.7"]
[White "Licata-Messana, Luc"]
[Black "Carrot, Patrick"]
[Result "0-1"]
[WhiteElo "1830"]
[BlackElo "1835"]
[PlyCount "124"]
[EventDate "2010.??.??"]

1. c4 Nf6 2. g3 c5 3. Bg2 g6 4. Nc3 Bg7 5. e3 Nc6 6. Nge2 d6 7. O-O O-O 8. d4
cxd4 9. exd4 a6 10. b3 Bd7 11. Bb2 Rb8 12. Qd2 Qc8 13. Nd5 Nxd5 14. cxd5 Na7
15. Rac1 Qd8 16. Ba3 Nb5 17. Bb2 Bg4 18. f3 Bd7 19. a4 Nc7 20. f4 b5 21. Bc3
Rb7 22. Ba5 Qb8 23. Bxc7 Rxc7 24. Qa5 Ra7 25. Rfd1 bxa4 26. bxa4 Qb3 27. Qc3
Bxa4 28. Rd3 Qxc3 29. Rdxc3 Bb5 30. R3c2 Bxe2 31. Rxe2 Bxd4+ 32. Kf1 Bc5 33.
Rb1 a5 34. Re4 Rc8 35. Ra4 Rcc7 36. Be4 Bb4 37. Bd3 Rab7 38. Ba6 Rb6 39. Be2
Rc5 40. Rd1 Kg7 41. Rd4 Rc3 42. Rc4 Rxc4 43. Bxc4 Kf6 44. Ra2 Bc3 45. Bd3 Rb2
46. Rxb2 Bxb2 47. Ke2 a4 48. Kf3 a3 49. Bb1 e6 50. dxe6 fxe6 51. Ba2 d5 52. g4
Ke7 53. f5 gxf5 54. gxf5 Kf6 55. fxe6 Kxe6 56. Ke3 Ke5 57. Bb1 d4+ 58. Kd3 Kf4
59. Ke2 Kg4 60. Kd3 Kh3 61. Kc4 Kxh2 62. Kb3 h5 0-1

[Event "Championnat de la Loire - Top20"]
[Site "Loire"]
[Date "2010.01.16"]
[Round "4.9"]
[White "Walter, Alain"]
[Black "Jan, Christophe"]
[Result "0-1"]
[WhiteElo "1810"]
[BlackElo "1780"]
[PlyCount "86"]
[EventDate "2010.??.??"]

1. e4 c6 2. d4 d5 3. e5 Bf5 4. Bd3 Bxd3 5. Qxd3 e6 6. Nf3 Nd7 7. O-O Ne7 8. Bg5
Qb6 9. Nc3 Ng6 10. a4 c5 11. Nb5 a6 12. Nc3 cxd4 13. Ne2 Ngxe5 14. Nxe5 Nxe5
15. Qxd4 Qxd4 16. Nxd4 Be7 17. Bxe7 Kxe7 18. Rfe1 Kd6 19. f4 Nc4 20. b3 Na5 21.
Rad1 Kc5 22. c3 Nc6 23. Nc2 b5 24. b4+ Kd6 25. a5 Rhe8 26. Na1 Nd8 27. Nb3 Nb7
28. Nd4 Rac8 29. Rd3 Re7 30. Rde3 g6 31. g4 Rce8 32. Nf3 f6 33. h4 Nd8 34. g5
f5 35. Ne5 Nc6 36. Nd3 e5 37. fxe5+ Nxe5 38. Rd1 Nxd3 39. Rexd3 Re1+ 40. Rxe1
Rxe1+ 41. Kg2 Re4 42. Rd4 Ke5 43. Rxe4+ Kxe4 0-1

[Event "Championnat de la Loire - Top20"]
[Site "Loire"]
[Date "2010.01.16"]
[Round "4.10"]
[White "Vier, Serge"]
[Black "Carrot, Axel"]
[Result "1/2-1/2"]
[WhiteElo "1710"]
[BlackElo "1485"]
[PlyCount "42"]
[EventDate "2010.??.??"]

1. d4 d6 2. c4 g6 3. Nc3 Bg7 4. e4 Nf6 5. f3 O-O 6. Be3 Nbd7 7. Qd2 Re8 8.
O-O-O c6 9. Bd3 Qa5 10. Kb1 c5 11. Nge2 a6 12. Nd5 Qxd2 13. Nxf6+ Bxf6 14. Rxd2
cxd4 15. Bxd4 Ne5 16. Rhd1 Be6 17. b3 Bg7 18. f4 Nxd3 19. Rxd3 Rec8 20. Bxg7
Kxg7 21. Nc3 Rc7 $11 1/2-1/2

[Event "Championnat de la Loire - Top20"]
[Site "Loire"]
[Date "2010.01.16"]
[Round "4.11"]
[White "Minchilli, Franco"]
[Black "Bruel, Bruno"]
[Result "1/2-1/2"]
[WhiteElo "1740"]
[BlackElo "1760"]
[PlyCount "92"]
[EventDate "2010.??.??"]

1. e4 d5 2. e5 Bf5 3. Nf3 e6 4. d4 Ne7 5. Nbd2 h6 6. Nb3 Nd7 7. c4 dxc4 8. Bxc4
Nb6 9. Bd3 Bxd3 10. Qxd3 Ng6 11. Be3 Be7 12. Rc1 O-O 13. O-O Nd5 14. Bd2 Bb4
15. a3 Bxd2 16. Qxd2 c6 17. Nc5 Qe7 18. Ne4 Rab8 19. g3 Qd8 20. Qc2 Nge7 21.
Nh4 Rc8 22. Qb3 Qb6 23. Qxb6 Nxb6 24. f4 Nbd5 25. Rf3 Rcd8 26. Nc5 Kh7 27. f5
g5 28. f6 Ng6 29. Nxg6 Kxg6 30. Rd1 g4 31. Rb3 b6 32. Nb7 Rd7 33. Nd6 Nxf6 34.
Rc3 c5 35. dxc5 Ne4 36. Rc4 Nxc5 37. Rxg4+ Kh7 38. Rf1 f6 39. Ne4 Nxe4 40. Rxe4
f5 41. Rc4 Re8 42. Rfc1 Ree7 43. b4 Kg6 44. Rc8 Kg7 45. R1c6 Kf7 46. Kg2 Rd5
1/2-1/2

[Event "Championnat de la Loire - Top20"]
[Site "Loire"]
[Date "2010.02.06"]
[Round "5.2"]
[White "Muller, Anthony"]
[Black "Cizeron, Frederic"]
[Result "1-0"]
[WhiteElo "1930"]
[BlackElo "2109"]
[PlyCount "107"]
[EventDate "2010.??.??"]

1. c4 Nf6 2. g3 d6 3. Bg2 g6 4. Nc3 Bg7 5. e3 O-O 6. Nge2 c6 7. d4 Qc7 8. O-O
e5 9. b3 a5 10. Bb2 Na6 11. Qd2 Bg4 12. h3 Bxe2 13. Nxe2 Rad8 14. a3 d5 15. c5
exd4 16. Bxd4 Ne4 17. Bxe4 dxe4 18. Qc3 Bxd4 19. Nxd4 Rd5 20. b4 Qc8 21. Kg2
Nc7 22. Qc2 Re8 23. Nb3 axb4 24. axb4 Rh5 25. Rh1 Nd5 26. Qc4 Rg5 27. b5 Qb8
28. Rhe1 Re6 29. Nd2 Qe5 30. Ra8+ Kg7 31. bxc6 bxc6 32. Ra4 Nc3 33. Ra3 Nb5 34.
Ra4 Qxc5 35. Nxe4 Qxc4 36. Rxc4 Rd5 37. Rec1 Nd6 38. Nxd6 Rdxd6 39. e4 f6 40.
Ra1 Rd7 41. Ra6 Rc7 42. f4 Kf7 43. Kf3 Ke7 44. f5 Rd6 45. Ra8 Rd3+ 46. Kf4 g5+
47. Kg4 h5+ 48. Kxh5 Rxg3 49. Kg6 Rxh3 50. Rg8 Re3 51. Rd4 c5 52. Rd2 Rc6 53.
Rg7+ Ke8 54. Rh2 1-0

[Event "Championnat de la Loire - Top20"]
[Site "Loire"]
[Date "2010.02.06"]
[Round "5.3"]
[White "Morice, Ludovic"]
[Black "Cursoux, Gerard"]
[Result "1-0"]
[WhiteElo "2059"]
[BlackElo "1990"]
[PlyCount "91"]
[EventDate "2010.??.??"]

1. d4 Nf6 2. c4 c5 3. d5 b5 4. cxb5 a6 5. bxa6 Bxa6 6. b3 g6 7. Bb2 Bg7 8. g3
d6 9. Bg2 O-O 10. Nh3 Nbd7 11. O-O Nb6 12. Re1 Ra7 13. e4 e5 14. dxe6 fxe6 15.
Nf4 Bc8 16. e5 Ne8 17. Bh3 Rxf4 18. gxf4 Nd5 19. f5 Nf4 20. Qg4 Nd3 21. f6 Nxe1
22. Qd1 Bf8 23. f4 Kf7 24. Qxe1 dxe5 25. fxe5 Qd3 26. Bf1 Qf5 27. Qf2 Qg5+ 28.
Qg3 Qf5 29. Bd3 Qh5 30. Nc3 Ba6 31. Bxa6 Rxa6 32. Rf1 Ra7 33. Ne4 h6 34. Qd3
Qg4+ 35. Ng3 c4 36. Qxc4 Qxc4 37. bxc4 Bc5+ 38. Kh1 Rxa2 39. Bc3 Nc7 40. Ne4
Ba3 41. Nd6+ Kf8 42. Rb1 Na6 43. Rb7 Bc5 44. Rf7+ Kg8 45. Rg7+ Kf8 46. Rh7 1-0

[Event "Championnat de la Loire - Top20"]
[Site "Loire"]
[Date "2010.02.06"]
[Round "5.4"]
[White "Garon, Pierre"]
[Black "Carrot, Patrick"]
[Result "1-0"]
[WhiteElo "1926"]
[BlackElo "1835"]
[PlyCount "69"]
[EventDate "2010.??.??"]

1. d4 Nf6 2. Nf3 g6 3. Bg5 Bg7 4. Nbd2 O-O 5. e4 d6 6. c3 c5 7. dxc5 dxc5 8.
Be2 b6 9. O-O Bb7 10. Qc2 Nc6 11. Rfe1 Qc7 12. Bf1 e6 13. a4 Rac8 14. Nc4 Nd7
15. Bh4 e5 16. Rad1 Ba6 17. Nd6 Bxf1 18. Nxc8 Bxg2 19. Kxg2 Qxc8 20. Rd6 c4 21.
Red1 Nc5 22. Qe2 Nd3 23. R1xd3 cxd3 24. Qxd3 Re8 25. Rd7 h6 26. Qd5 Rf8 27. b4
g5 28. Bg3 Bf6 29. b5 Ne7 30. Qd6 Ng6 31. Rxa7 Qxc3 32. Qxf6 g4 33. Nxe5 Nxe5
34. Bxe5 Qh3+ 35. Kg1 1-0

[Event "Championnat de la Loire - Top20"]
[Site "Loire"]
[Date "2010.02.06"]
[Round "5.5"]
[White "Guevorkian, Spartak"]
[Black "Aumont-Mathieu, Georges"]
[Result "1/2-1/2"]
[WhiteElo "1900"]
[BlackElo "1840"]
[PlyCount "112"]
[EventDate "2010.??.??"]

1. d4 Nf6 2. Nf3 e6 3. Bf4 c5 4. c3 Qb6 5. Qb3 Nc6 6. Qxb6 axb6 7. e3 cxd4 8.
exd4 Nd5 9. Bg3 Be7 10. Bc4 Nf6 11. Bc7 Na5 12. Nfd2 d5 13. Bd3 Nd7 14. O-O O-O
15. Nf3 Nb3 16. Nbd2 Nxa1 17. Rxa1 f6 18. Bb5 Bd8 19. Bd6 Re8 20. a4 Kf7 21. h3
g5 22. Re1 h5 23. b3 Rh8 24. c4 g4 25. hxg4 hxg4 26. Nh2 f5 27. f3 Bf6 28. Be5
Bxe5 29. dxe5 Nc5 30. fxg4 f4 31. Rf1 Nd3 32. cxd5 Nxe5 33. Rxf4+ Ke7 34. Re4
Kd6 35. Rxe5 Kxe5 36. Nc4+ Kf4 37. d6 Rd8 38. Nxb6 Ra5 39. d7 Bxd7 40. Bxd7 Rc5
41. Bxe6 Rd1+ 42. Nf1 Rd6 43. Nd7 Rc1 44. Nf8 Rdd1 45. Bc4 Kxg4 46. Ne6 Kf5 47.
Nc5 b6 48. Nd3 Rxc4 49. bxc4 Rxd3 50. Kf2 Ra3 51. Ne3+ Ke4 52. Nd5 Kd4 53. Nxb6
Kc5 54. Nd7+ Kxc4 55. g3 Kb4 56. Kg2 Rxa4 1/2-1/2

[Event "Championnat de la Loire - Top20"]
[Site "Loire"]
[Date "2010.02.17"]
[Round "5.6"]
[White "Jan, Christophe"]
[Black "Poncet, Alain"]
[Result "1/2-1/2"]
[WhiteElo "1780"]
[BlackElo "1853"]
[PlyCount "38"]
[EventDate "2010.??.??"]

1. d4 d5 2. c4 Nf6 3. cxd5 Nxd5 4. e4 Nf6 5. Nc3 g6 6. Bc4 Bg7 7. Nge2 O-O 8.
O-O c6 9. a3 Na6 10. b4 Nc7 11. Nf4 e5 12. dxe5 Ng4 13. Qc2 Bxe5 14. Bd2 Nxh2
15. Kxh2 Qh4+ 16. Kg1 Bxf4 17. g3 Bxg3 18. fxg3 Qxg3+ 19. Kh1 Qh3+ 1/2-1/2

[Event "Championnat de la Loire - Top20"]
[Site "Loire"]
[Date "2010.02.06"]
[Round "5.8"]
[White "Bruel, Bruno"]
[Black "Deville, Olivier"]
[Result "0-1"]
[WhiteElo "1760"]
[BlackElo "1990"]
[PlyCount "72"]
[EventDate "2010.??.??"]

1. d4 d5 2. c4 c6 3. Nf3 Nf6 4. e3 Bf5 5. Nc3 e6 6. Be2 Nbd7 7. O-O Bd6 8. b3
O-O 9. Bb2 Qe7 10. cxd5 exd5 11. g3 Ne4 12. Nh4 Bh3 13. Re1 Ndf6 14. Ng2 g5 15.
Bf1 h5 16. f3 Nxc3 17. Bxc3 h4 18. Nxh4 gxh4 19. Bxh3 hxg3 20. hxg3 Bxg3 21.
Re2 Nh5 22. Bd2 Kh8 23. Bg4 Qh4 24. Be1 Bxe1 25. Qxe1 Qxe1+ 26. Raxe1 Nf6 27.
Rh2+ Kg7 28. Bf5 Rh8 29. Rg2+ Kf8 30. e4 dxe4 31. fxe4 Rd8 32. Rd1 Rh4 33. Re2
Rf4 34. Rd3 Ke7 35. Kg2 Nh5 36. Kh2 Rh4+ 0-1

[Event "Championnat de la Loire - Top20"]
[Site "Loire"]
[Date "2010.02.06"]
[Round "5.9"]
[White "Carrot, Axel"]
[Black "Walter, Alain"]
[Result "1-0"]
[WhiteElo "1485"]
[BlackElo "1810"]
[PlyCount "77"]
[EventDate "2010.??.??"]

1. e4 d6 2. d4 Nf6 3. Nc3 g6 4. Be3 Bg7 5. h3 O-O 6. Qd2 c5 7. Nf3 cxd4 8. Nxd4
Nc6 9. Nb3 Be6 10. Bh6 Bxb3 11. Bxg7 Kxg7 12. axb3 a6 13. Be2 b5 14. O-O b4 15.
Nd5 Nxe4 16. Qf4 f5 17. Bxa6 Nd4 18. Bd3 Rxa1 19. Rxa1 e5 20. Qe3 Nc5 21. Nxb4
f4 22. Qd2 Qb8 23. Na6 Nxa6 24. Rxa6 Rf6 25. Qa5 Qc8 26. Ra7+ Kh6 27. Qc7 Qxc7
28. Rxc7 d5 29. Rd7 e4 30. Bxe4 Ne2+ 31. Kf1 dxe4 32. Kxe2 Re6 33. b4 g5 34. c4
Ra6 35. Kd2 Ra2 36. Kc2 Ra1 37. Rd1 Ra7 38. b5 Kg6 39. b6 1-0

[Event "Championnat de la Loire - Top20"]
[Site "Loire"]
[Date "2010.02.06"]
[Round "5.10"]
[White "Carteron, Olivier"]
[Black "Licata-Messana, Luc"]
[Result "0-1"]
[WhiteElo "1720"]
[BlackElo "1830"]
[PlyCount "86"]
[EventDate "2010.??.??"]

1. e4 e6 2. d4 d5 3. e5 c5 4. c3 Qb6 5. Nf3 Bd7 6. a3 a5 7. Nbd2 a4 8. b4 axb3
9. Qxb3 Qxb3 10. Nxb3 c4 11. Nbd2 b5 12. Ng1 b4 13. cxb4 Bxb4 14. Bb2 Ba5 15.
Rc1 Nc6 16. Ne2 Nge7 17. g4 h5 18. Bh3 hxg4 19. Bxg4 Nf5 20. Bxf5 exf5 21. Bc3
Bxc3 22. Rxc3 Ra4 23. O-O f4 24. Re1 g5 25. Kh1 Bf5 26. Rg1 Rh5 27. f3 Bd3 28.
Nc1 Nxd4 29. Nxd3 Ne2 30. Rgc1 Nxc3 31. Rxc3 cxd3 32. Rxd3 d4 33. Ne4 Ke7 34.
Nf6 Rh8 35. Kg2 Rb8 36. Nd5+ Ke6 37. Nb4 Raxb4 38. axb4 Rxb4 39. Kh3 Kxe5 40.
Kg4 f6 41. Rd1 Rb3 42. Re1+ Re3 43. Ra1 d3 0-1

[Event "Championnat de la Loire - Top20"]
[Site "Loire"]
[Date "2010.02.06"]
[Round "5.11"]
[White "Minchilli, Franco"]
[Black "Vier, Serge"]
[Result "1-0"]
[WhiteElo "1740"]
[BlackElo "1710"]
[PlyCount "125"]
[EventDate "2010.??.??"]

1. e4 e6 2. Nf3 d5 3. exd5 exd5 4. d4 Nf6 5. Bd3 Bg4 6. Be3 Bd6 7. O-O O-O 8.
h3 Bh5 9. Nbd2 Nbd7 10. Re1 c6 11. c3 Qc7 12. Qc2 Bg6 13. Bxg6 hxg6 14. c4 Rfe8
15. Rac1 dxc4 16. Nxc4 Bf4 17. Bxf4 Qxf4 18. Nce5 Nb6 19. Qb3 Nfd5 20. Qc2 Qf5
21. Qxf5 gxf5 22. a3 Re7 23. Nd2 Rae8 24. Nef3 Na4 25. Nc4 b5 26. Nce5 f6 27.
Nxc6 Rxe1+ 28. Rxe1 Rxe1+ 29. Nxe1 Nxb2 30. Nxa7 Nc3 31. d5 Kf7 $11 32. Nc2 Ke7
33. Nd4 g6 34. Naxb5 Nxd5 35. Kf1 Kd7 36. g3 Kc8 37. h4 Kb7 38. Ke2 Kb6 39. Kd2
Kc5 40. Kc2 Nc4 41. a4 Kb4 42. h5 gxh5 43. Nxf5 Kxa4 44. Nc3+ Nxc3 45. Kxc3 Ne5
46. Ng7 Kb5 47. Nxh5 f5 48. Kd4 Ng4 49. f3 Nh2 50. Ke3 Nf1+ 51. Ke2 Nh2 52. Ng7
Nxf3 53. Kxf3 Kc6 54. Kf4 Kd7 55. Kxf5 Ke7 56. Kg6 Kf8 57. Kh7 Kf7 58. g4 Kf6
59. Kh6 Kf7 60. Nh5 Kg8 61. g5 Kh8 62. g6 Kg8 63. Nf6+ 1-0

[Event "Championnat de la Loire - Top20"]
[Site "Loire"]
[Date "2010.03.27"]
[Round "6.1"]
[White "Cursoux, Gerard"]
[Black "Moleins, Adrien"]
[Result "0-1"]
[WhiteElo "1990"]
[BlackElo "1699"]
[PlyCount "22"]
[EventDate "2010.??.??"]

1. b4 e5 2. Bb2 Bxb4 3. Bxe5 Nf6 4. Nf3 Nc6 5. Bb2 d5 6. e3 Be7 7. c4 Bf5 8. d4
Nb4 9. Na3 c6 10. Qb3 Qa5 11. Bc3 Qxa3 0-1

[Event "Championnat de la Loire - Top20"]
[Site "Loire"]
[Date "2010.03.27"]
[Round "6.2"]
[White "Garon, Pierre"]
[Black "Muller, Anthony"]
[Result "1-0"]
[WhiteElo "1929"]
[BlackElo "1930"]
[PlyCount "108"]
[EventDate "2010.??.??"]

1. d4 e6 2. Nf3 Nf6 3. Bg5 b6 4. Nbd2 Bb7 5. e3 Be7 6. Bd3 d5 7. Ne5 Nbd7 8. f4
c5 9. c3 c4 10. Bc2 b5 11. O-O a5 12. Qe2 O-O 13. Qf3 Ne8 14. Bxe7 Qxe7 15. Qh3
f5 16. g4 Nd6 17. Nxd7 Qxd7 18. Nf3 g6 19. Ne5 Qe7 20. g5 Nf7 21. Nf3 b4 22.
Qg2 Nd8 23. Qd2 Nc6 24. Kf2 a4 25. Bd1 a3 26. b3 Ba6 27. Rh1 Rfc8 28. h4 bxc3
29. Qxc3 cxb3 30. Bxb3 Nb4 31. Qd2 Bd3 32. Rhc1 Bc4 33. Bxc4 dxc4 34. Ne5 c3
35. Rxc3 Rxc3 36. Qxc3 Nd5 37. Qb3 Qc7 38. Nd3 Rb8 39. Qd1 Nc3 40. Qc1 Ne4+ 41.
Ke2 Rb2+ 42. Nxb2 Qxc1 43. Rxc1 axb2 44. Rh1 b1=Q 45. Rxb1 Nc3+ 46. Kd2 Nxb1+
47. Kc2 Na3+ 48. Kb3 Nb5 49. Kb4 Na7 50. Kc5 Kf7 51. Kb6 Nc8+ 52. Kc7 Na7 53.
a4 Ke7 54. Kb7 Kd7 1-0

[Event "Championnat de la Loire - Top20"]
[Site "Loire"]
[Date "2010.03.27"]
[Round "6.3"]
[White "Artinyan, Remy"]
[Black "Morice, Ludovic"]
[Result "1-0"]
[WhiteElo "2136"]
[BlackElo "2082"]
[PlyCount "77"]
[EventDate "2010.??.??"]

1. Nf3 e6 2. e3 d5 3. c4 c6 4. b3 Nd7 5. Bb2 Ngf6 6. d4 Bd6 7. Bd3 O-O 8. O-O
Ne4 9. Ne5 f5 10. Nxd7 Bxd7 11. Bxe4 fxe4 12. Ba3 Bxa3 13. Nxa3 Qe7 14. Nc2 $11
Qh4 15. f4 exf3 16. Rxf3 Rxf3 17. Qxf3 Rf8 18. Qe2 Qe4 19. Ne1 e5 20. Qd3 Qh4
21. Qd2 e4 22. Nc2 Bg4 23. Qe1 Qh5 24. cxd5 cxd5 25. Na3 Be2 26. Qg3 Qf5 27. h3
Bd3 28. Rc1 Rc8 29. Rc7 Rxc7 30. Qxc7 Qf8 $11 31. Qa5 b5 32. Kh2 Qb8+ 33. Kg1
Kf7 34. Kh1 $11 Ke6 35. Qa6+ Kd7 36. Qa5 $11 Qb7 37. Qb4 Ke6 38. Qc5 Qb6 39.
Qc8+ $138 1-0

[Event "Championnat de la Loire - Top20"]
[Site "Loire"]
[Date "2010.03.27"]
[Round "6.4"]
[White "Cizeron, Frederic"]
[Black "Deville, Olivier"]
[Result "1/2-1/2"]
[WhiteElo "2114"]
[BlackElo "1990"]
[PlyCount "43"]
[EventDate "2010.??.??"]

1. d4 Nf6 2. Bg5 e6 3. e3 c5 4. Nd2 h6 5. Bh4 Be7 6. c3 b6 7. Bd3 Bb7 8. Ne2 d6
9. O-O O-O 10. f4 Ng4 11. Bf2 Bh4 12. Ng3 Nxf2 13. Rxf2 Nd7 14. e4 cxd4 15.
cxd4 e5 16. Nc4 Qe7 17. Nf5 Bxf2+ 18. Kxf2 Qf6 19. Ncxd6 Bc8 20. dxe5 Nxe5 21.
fxe5 Qxe5 22. Nxc8 $11 1/2-1/2

[Event "Championnat de la Loire - Top20"]
[Site "Loire"]
[Date "2010.03.27"]
[Round "6.6"]
[White "Poncet, Alain"]
[Black "Carrot, Axel"]
[Result "1/2-1/2"]
[WhiteElo "1853"]
[BlackElo "1485"]
[PlyCount "38"]
[EventDate "2010.??.??"]

1. e4 e5 2. Nf3 Nc6 3. d4 exd4 4. Nxd4 Bc5 5. Be3 Qf6 6. c3 Nge7 7. Be2 d5 8.
exd5 Nxd5 9. O-O Nxd4 10. Bxd4 Bxd4 11. cxd4 O-O 12. Nc3 Be6 13. Bf3 c6 14.
Nxd5 Bxd5 15. Bxd5 cxd5 16. Rc1 Rac8 17. Qd3 Rfe8 18. Rc5 Rc6 19. Rfc1 Rec8
1/2-1/2

[Event "Championnat de la Loire - Top20"]
[Site "Loire"]
[Date "2010.03.27"]
[Round "6.7"]
[White "Carrot, Patrick"]
[Black "Massard, Christian"]
[Result "1/2-1/2"]
[WhiteElo "1835"]
[BlackElo "1850"]
[PlyCount "80"]
[EventDate "2010.??.??"]

1. e4 g6 2. d4 Bg7 3. Be3 d6 4. Nc3 Nf6 5. f3 O-O 6. Qd2 Nbd7 7. Bh6 c5 8. Bxg7
Kxg7 9. g4 cxd4 10. Qxd4 Qb6 11. O-O-O Qxd4 12. Rxd4 Ne5 13. g5 Nh5 14. Nd5 Nc6
15. Rd2 Be6 16. Ne2 Rac8 17. Nec3 Rfe8 18. a3 a6 19. Be2 Bxd5 20. Nxd5 e6 21.
Nb6 Rcd8 22. Bd1 Nf4 23. c4 Re7 24. h4 Ne5 25. b3 Rc7 26. Rc2 Ned3+ 27. Kb1 Nc5
28. b4 Ncd3 29. Rhh2 Rc6 30. Na4 Rdc8 31. Nb2 Ne5 32. Rhd2 Kf8 33. Ka2 Ke7 34.
Kb3 b5 35. cxb5 axb5 36. Rxc6 Rxc6 37. a4 bxa4+ 38. Kxa4 Kd7 39. Ka5 Kc7 40. b5
Rc5 1/2-1/2